00938nam a2200253 a 450000100100000000500170001000800410002702000150006804000250008308200150010810000400012324500800016326000470024330000280029049000250031850400730034360000390041665000300045570000290048583000310051404900090054595201130055499900170066700002402120200930022642.0110118s199u mx 000 0 spa d a9706513361 aDO-SdBNPbspacBNPHU a185bA717o1 aAristóteles,d384-322 a.c.94936110aObras filosóficas /cAristóteles ; estudio preliminar Francisco Romero. aMéxico :bOcéanobConaculta,c[199-?]. axxxiv, 379 p. ;c21 cm.1 aBiblioteca universal aIncluye referencias bibliográficas y notas al pie de las páginas14aARISTÓTELESy384-322 a.c.943695 4aFilosofía griega9152151 aRomero, Francisco940242 0aBiblioteca universal92855 aBNPD 001050718MOaPDbPDcCTd2011-01-18iLF1l0o185 A717op24021-10r2020-06-25w2020-06-25y1ZNo se presta c23516d23516